[Event "WY BU14 2012"]
[Site "Maribor SLO"]
[Date "2012.11.09"]
[Round "2.19"]
[White "Van Foreest,Jorden"]
[Black "Rohrer,Christophe"]
[Result "1-0"]
[WhiteElo "2231"]
[BlackElo "1976"]

1.e4 c5 2.Nf3 e6 3.d4 cxd4 4.Nxd4 Nc6 5.Nc3 Qc7 6.Be3 a6 7.Qd2 Nf6 8.O-O-O Bb4
9.f3 Ne5 10.Nb3 b5 11.Qf2 Bb7 12.Bb6 Qb8 13.Bc5 Bxc5 14.Nxc5 Bc6 15.f4 Ng6
16.e5 Nd5 17.N5e4 Nb4 18.Nd6+ Ke7 19.Qc5 Kf8 20.Bd3 Bxg2 21.Rhg1 Nxf4 22.Qxb4 Ng6
23.Nf5+ Kg8 24.Nh4 Bc6 25.Nxg6 hxg6 26.Qf4 Qd8 27.Rdf1 Qe7 28.Rg4 Rh5 29.Qg3 Rd8
30.Rgf4 g5 31.Rxf7 Qxf7 32.Rxf7 Kxf7 33.Be4 Rdh8 34.Qf3+ Kg8 35.Bxc6 dxc6
36.Qxc6 R8h6 37.Ne4 g4 38.Qe8+ Kh7 39.Nf6+ gxf6 40.Qf7+ Kh8 41.exf6 Rg5 42.Qe8+ Kh7
43.f7 Rxh2 44.f8=Q Rh1+ 45.Kd2 Rh2+ 46.Kc3 Rh3+ 47.Kb4 a5+ 48.Kxa5  1-0

[Event "WY GU16 2012"]
[Site "Maribor SLO"]
[Date "2012.11.09"]
[Round "2.5"]
[White "Tantsiura,M"]
[Black "Oliveira,Maria"]
[Result "1/2-1/2"]
[WhiteElo "2189"]
[BlackElo "1969"]

1.e4 c5 2.Nf3 e6 3.d4 cxd4 4.Nxd4 Nc6 5.Nc3 Qc7 6.Be3 Nf6 7.Qd2 a6 8.O-O-O Bb4
9.f3 O-O 10.g4 b5 11.g5 Ne8 12.Nxc6 Qxc6 13.Bd4 Bb7 14.Bg2 Rc8 15.h4 Be7
16.Rdg1 Nd6 17.Bf1 Nc4 18.Bxc4 Qxc4 19.h5 Bc5 20.Bxc5 Qxc5 21.g6 h6 22.gxf7+ Rxf7
23.Rg2 Kh7 24.Kb1 Qe5 25.Rg4 Rcf8 26.a3 d5 27.exd5 Bxd5 28.Qd3+ Qf5 29.Nxd5 Qxd3
30.cxd3 exd5 31.Rhg1 Re8 32.f4 Re3 33.Kc2 Rh3 34.Kc3 Rxh5 35.Kd4 Rhf5 36.Rf1 g5
37.fxg5 hxg5 38.Re1 Kg6 39.Re6+ R7f6 40.Re8 Rf7 41.Rg2 Rd7 42.Rg8+ Kf6 43.Rf8+ Kg6
44.Rg8+  1/2-1/2

[Event "TCh-ESP CECLUB Div Honor 2012"]
[Site "Leon ESP"]
[Date "2012.11.10"]
[Round "6.1"]
[White "Alsina Leal,D"]
[Black "Iturrizaga,E"]
[Result "1/2-1/2"]
[WhiteElo "2536"]
[BlackElo "2656"]

1.e4 c5 2.Nf3 e6 3.d4 cxd4 4.Nxd4 Nc6 5.Nc3 Qc7 6.Be2 Nf6 7.O-O Be7 8.Be3 d6
9.f4 O-O 10.Qe1 a6 11.Qg3 Nxd4 12.Bxd4 b5 13.a3 Bb7 14.Rf2 Rad8 15.Raf1 Rd7
16.Kh1 Ne8 17.Bd3 Bf6 18.Ne2 Qd8 19.Bxf6 Nxf6 20.e5 Ne4 21.Bxe4 Bxe4 22.c3 dxe5
23.fxe5 Rd1 24.Nd4 Rxf1+ 25.Rxf1 Qd5 26.h4 h5 27.Kh2 Rc8 28.Qg5 Bg6 29.Rf2 Re8
30.Rd2 Qb7 31.Ne2 Qe4 32.Nf4 Qf5 33.Qxf5 Bxf5 34.Nxh5 Rc8 35.Kg3 Rc4 36.Rd4 Rc5
37.Kf4 f6 38.Rd8+ Kf7 39.Rd7+ Kg6 40.Nxg7 Rc4+ 41.Ke3 Re4+ 42.Kf3 Rxe5 43.g4 Be4+
44.Kf4 Bd5 45.Nh5 Re2 46.Kg3 Rg2+ 47.Kh3 Rxb2 48.Nf4+ Kh6 49.Rf7 Rb3 50.Rxf6+ Kg7
51.Nxd5 exd5 52.Rxa6 Rxc3+ 53.Kg2 d4 54.h5 d3 55.Kf3 d2+ 56.Ke2 Rd3 57.Kd1 Rd4
58.Rg6+ Kh7 59.Rg5 Kh6 60.Rg6+ Kh7 61.Rg5 Kh6 62.Rxb5 Rxg4 63.Kxd2 Ra4 64.Rb3 Kxh5
65.Kc2 Kg5 66.Kb2 Kf5 67.Re3 Re4 68.Rd3 Ke6 69.Kb3 Ke7 70.a4 Re6 71.Kb4 Rd6
72.Rc3 Kd7 73.Kb5 Rd1 74.a5 Rb1+ 75.Ka6 Rb2 76.Ka7 Rb1 77.a6 Rb2 78.Rh3 Kc8
79.Rh8+ Kc7 80.Rh7+ Kc8 81.Rb7 Rc2 82.Rb5 Rc7+ 83.Kb6 Kb8 84.Rh5 Rb7+ 85.axb7  1/2-1/2

[Event "WY BU14 2012"]
[Site "Maribor SLO"]
[Date "2012.11.10"]
[Round "3.16"]
[White "Karthikeyan,M2"]
[Black "Tutisani,Noe"]
[Result "1-0"]
[WhiteElo "2329"]
[BlackElo "1978"]

1.e4 c5 2.Nf3 e6 3.d4 cxd4 4.Nxd4 Nc6 5.Nc3 a6 6.Be2 d6 7.O-O Nf6 8.Be3 Be7
9.Kh1 O-O 10.f4 Qc7 11.Bf3 Re8 12.Qe1 Na5 13.Rd1 Nc4 14.Bc1 e5 15.Nde2 b5
16.Qg3 b4 17.Nd5 Nxd5 18.exd5 Bf6 19.b3 e4 20.Bh5 Nb2 21.Rd4 Qxc2 22.Rd2 Qb1
23.Rg1 Nd3 24.Ba3 Qxg1+ 25.Kxg1 bxa3 26.Qe3 Bd7 27.Ng3 Bc3 28.Rc2 Bb4 29.Nxe4 Bc5
30.Nxc5 Nxc5 31.Bxf7+ Kf8 32.Be6 Bxe6 33.dxe6 Rxe6 34.Qf3 Ree8 35.Qd5  1-0

[Event "WY BU16 2012"]
[Site "Maribor SLO"]
[Date "2012.11.10"]
[Round "3.11"]
[White "Chiari,A"]
[Black "Sanzhaev,D"]
[Result "0-1"]
[WhiteElo "2101"]
[BlackElo "2319"]

1.e4 c5 2.Nf3 e6 3.d4 cxd4 4.Nxd4 Nc6 5.Nc3 Qc7 6.Be2 a6 7.O-O Nf6 8.Kh1 Be7
9.f4 d6 10.Be3 O-O 11.a4 Nxd4 12.Qxd4 Bd7 13.e5 Ne8 14.a5 Bc6 15.Bf3 Bxf3
16.Rxf3 Rc8 17.Rf2 dxe5 18.fxe5 Bc5 19.Qe4 Bxe3 20.Qxe3 Qc5 21.Qf4 f5 22.Rd2 Rf7
23.h3 h6 24.h4 g5 25.Qa4 Qxe5 26.Rad1 Ng7 27.Re2 Qf6 28.Rd7 Rcf8 29.Red2 gxh4
30.R2d4 h3 31.gxh3 f4 32.Ne4 Qh4 33.Kh2 f3 34.Ng3 Qf6 35.Rxf7 Rxf7 36.Qc4 f2
37.Rd1 h5 38.Rf1 h4 39.Nh1 Qe5+ 40.Kg2 Nf5 41.Qc8+ Kh7 42.Nxf2 Ne3+  0-1

[Event "CBX IM Salvador 2012"]
[Site "Salvador BRA"]
[Date "2012.11.10"]
[Round "4.5"]
[White "Zallio,L"]
[Black "Santiago,Y"]
[Result "0-1"]
[WhiteElo "2123"]
[BlackElo "2363"]

1.e4 c5 2.Nf3 e6 3.d4 cxd4 4.Nxd4 Nc6 5.Nc3 Qc7 6.Be3 a6 7.Qd2 Nf6 8.O-O-O Bb4
9.f3 O-O 10.Kb1 b5 11.g4 Rb8 12.g5 Nh5 13.Be2 Ne5 14.a3 Be7 15.f4 Nc4 16.Bxc4 bxc4
17.Ka2 Bb7 18.Qe2 Nxf4 19.Qg4 Ng6 20.h4 Ba8 21.Bc1 Rb7 22.h5 Ne5 23.Qe2 Rfb8
24.Rhg1 Qa5 25.Rg3 Bc5 26.Qd2 Rxb2+ 27.Bxb2 Rxb2+ 28.Kxb2 Bxa3+ 29.Kb1 Qb4+
30.Nb3 cxb3 31.cxb3 Qxb3+ 32.Ka1 Nc4 33.Rb1 Nxd2 34.Rxb3 Nxb3+ 35.Ka2 Bd6
36.Rg2 Nc5 37.Rc2 Nxe4 38.Nxe4 Bxe4 39.Rc8+ Bf8 40.Rd8 d5 41.Kb3 h6 42.gxh6 gxh6
43.Kc3 Bf3 44.Kd3 Bxh5 45.Ra8 Kg7 46.Rxa6 Kf6 47.Kd4 Bg4 48.Ra1 Kg5  0-1

[Event "CBX IM Salvador 2012"]
[Site "Salvador BRA"]
[Date "2012.11.10"]
[Round "5.1"]
[White "Santiago,Y"]
[Black "Andrade Fiaes,M"]
[Result "1-0"]
[WhiteElo "2363"]
[BlackElo "2082"]

1.e4 c5 2.Nf3 e6 3.d4 cxd4 4.Nxd4 Nc6 5.Nc3 Qc7 6.g3 a6 7.Bg2 Nf6 8.O-O Be7
9.Re1 d6 10.Nxc6 bxc6 11.e5 dxe5 12.Rxe5 Nd5 13.Re1 O-O 14.Ne4 Bb7 15.a3 c5
16.c4 Nb6 17.Qc2 Rad8 18.b3 e5 19.g4 f6 20.Be3 Kh8 21.Rad1 Bc8 22.Qe2 Bb7
23.Rxd8 Rxd8 24.Rd1 Rxd1+ 25.Qxd1 Qc6 26.Bf3 Qc7 27.h3 g6 28.Ng3 Bc8 29.Be4 Be6
30.Qd2 Nc8 31.Bd5 Bd7 32.Ne4 Nb6 33.a4 Bc8 34.a5 Nd7 35.Be6 Nf8 36.Bxc8 Qxc8
37.Qd5 Ne6 38.g5 Kg7 39.gxf6+ Bxf6 40.Nd6 Qg8 41.Qb7+ Kf8 42.Bh6+ Bg7 43.Qc8+ Ke7
44.Qxg8  1-0

[Event "TCh-CZE Div1 Zapad 2012-13"]
[Site "Czech Republic CZE"]
[Date "2012.11.11"]
[Round "2.6"]
[White "Liuba,Volodymyr"]
[Black "Tuma,Ja"]
[Result "0-1"]
[WhiteElo "2184"]
[BlackElo "2275"]

1.e4 c5 2.Nf3 e6 3.d4 cxd4 4.Nxd4 Nc6 5.Nc3 a6 6.Bf4 d6 7.Nxc6 bxc6 8.Qd2 d5
9.O-O-O Nf6 10.exd5 cxd5 11.Qd4 Bd6 12.Bg5 Be7 13.h4 Rb8 14.h5 h6 15.Bh4 O-O
16.a3 Qa5 17.Bg3 Rb7 18.Be5 Bd7 19.f3 Rc8 20.Qd3 Rxb2 21.Qxa6 Qxa3 22.Qxa3 Bxa3
23.Bd3 d4 24.Bxd4 Rb4+  0-1

[Event "WY GU16 2012"]
[Site "Maribor SLO"]
[Date "2012.11.11"]
[Round "4.7"]
[White "Michelle Catherina,P"]
[Black "Xiao,Yiyi"]
[Result "0-1"]
[WhiteElo "2109"]
[BlackElo "2136"]

1.e4 c5 2.Nf3 e6 3.d4 cxd4 4.Nxd4 Nc6 5.Nc3 a6 6.Be3 Qc7 7.Qd2 Nf6 8.O-O-O Bb4
9.f3 Ne5 10.Nb3 b5 11.Qe1 Be7 12.f4 Nc4 13.e5 Ng4 14.Bd4 Nh6 15.Ne4 Nf5 16.Bc5 d5
17.exd6 Nfxd6 18.Nxd6+ Bxd6 19.Rxd6 Nxd6 20.Qe5 f6 21.Qxd6 Qxd6 22.Bxd6 Bb7
23.Bd3 Kf7 24.Rg1 Rac8 25.Bb4 Rhd8 26.Kb1 Bd5 27.g3 Bc4 28.Nc5 Rd4 29.Bc3 Rd6
30.Bxc4 bxc4 31.Ne4 Rd5 32.Kc1 h5 33.Rd1 Rcd8 34.Rd2 Kg6 35.Nc5 Kf5 36.Nxa6 Kg4
37.Nc7 Rxd2 38.Bxd2 e5 39.fxe5 fxe5 40.Kd1 Kh3 41.Ne6 Rd7 42.Ke2 Kxh2 43.Nc5 Ra7
44.Ne4 Rxa2 45.Bc3 Ra8 46.Ke3 Re8 47.Be1 Re7 48.Nd2 Rc7 49.Nf3+ Kg2 50.Nxe5 g5
51.Kd4 Re7 52.Bd2 Rg7 53.Be1 Kf1 54.Bb4 Kf2 55.g4 h4 56.Bd6 h3 57.Kxc4 Kg2
58.Nd3 Rd7 59.Nf4+ gxf4 60.Bxf4 Rf7 61.Bd6 Rf6 62.Bb8 Rb6 63.Be5 Re6 64.Bb8 Re4+
65.Kd5 Rb4 66.Bc7 Rb7 67.Bf4 Rb5+ 68.Kc6 Rb4 69.Be5 Rc4+ 70.Kd5 Rxc2 71.g5 Kf3
72.Ke6 Ke4 73.Bd6 Rc6 74.Kd7 Rxd6+ 75.Kxd6 Kf5 76.b4 h2 77.b5 h1=Q 78.Kc7 Qc1+
79.Kb7 Qxg5  0-1

[Event "WY BU16 2012"]
[Site "Maribor SLO"]
[Date "2012.11.11"]
[Round "4.14"]
[White "Cukrowski,F"]
[Black "Harutyunian,T"]
[Result "0-1"]
[WhiteElo "2161"]
[BlackElo "2334"]

1.e4 c5 2.Nf3 e6 3.d4 cxd4 4.Nxd4 Nc6 5.Nc3 Qc7 6.Be3 a6 7.Qd2 Nf6 8.O-O-O Bb4
9.f3 Ne7 10.Nde2 b5 11.Kb1 Ba5 12.Qd4 Nc6 13.Qc5 Bb4 14.Qb6 Qxb6 15.Bxb6 Bb7
16.a3 Be7 17.Nd4 O-O 18.Nb3 Rac8 19.Nc5 Rb8 20.Nb3 Rfc8 21.Bc5 Kf8 22.Be2 Ne5
23.Ba7 Ra8 24.Bd4 d6 25.Na5 Bc6 26.Na2 Be8 27.Nb4 Nc4 28.Nxc4 bxc4 29.Na2 Rab8
30.Kc1 e5 31.Bc3 Bd7 32.Rhe1 Be6 33.g3 Rc5 34.Bf1 a5 35.Bg2 Nd7 36.f4 Nb6
37.Bf3 Na4 38.f5 Bc8 39.Be2 Bg5+ 40.Kb1 Rcb5 41.Ka1 Nxc3 42.bxc3 Rc5 43.Rxd6 Be7
44.Rdd1 Bb7 45.Rb1 Rcc8 46.Rb5 Bxe4 47.Bxc4 Bxc2 48.Rexe5 Bxa3 49.Re2 Rxb5
50.Bxb5 Bxf5 51.c4 Be7 52.Kb2 Bd3 53.Rd2 Bxc4 54.Rc2 Rb8 55.Rxc4 Rxb5+ 56.Kc2 Rc5
57.Kc3 a4 58.Rxc5 Bxc5 59.Kc4 Bd6 60.Nc3 a3  0-1

[Event "WY GU16 2012"]
[Site "Maribor SLO"]
[Date "2012.11.11"]
[Round "4.5"]
[White "Tantsiura,M"]
[Black "Kalaydina,R"]
[Result "1-0"]
[WhiteElo "2189"]
[BlackElo "1934"]

1.e4 c5 2.Nf3 e6 3.d4 cxd4 4.Nxd4 Nc6 5.Nc3 Qc7 6.g3 a6 7.Bg2 Nf6 8.O-O d6
9.Re1 Nd7 10.Nxc6 bxc6 11.b3 Be7 12.Bb2 O-O 13.f4 Re8 14.Qd2 Bb7 15.Rad1 Rad8
16.Ne2 d5 17.e5 c5 18.c3 Qb6 19.Kh1 Nb8 20.g4 Nc6 21.Qe3 Qc7 22.Ng1 d4 23.cxd4 cxd4
24.Qh3 Nb4 25.Rxd4 Bc5 26.Rc1 Qb6 27.Rxd8 Rxd8 28.Bxb7 Qxb7+ 29.Qf3 Qxf3+
30.Nxf3 Be3 31.Rc4 Nxa2 32.Ra4 Nc1 33.Bxc1 Bxc1 34.f5 h5 35.fxe6 fxe6 36.gxh5 Rd3
37.Kg2 Rxb3 38.Rxa6 Kf7 39.Rc6 Bf4 40.Rc7+ Kg8 41.Rc4 Be3 42.Kg3 Rb7 43.Rc3 Bh6
44.Nd4 Rb4 45.Rc8+ Kf7 46.Rc7+ Kg8 47.Nxe6 Re4 48.Rc5 Kf7 49.Nd8+ Ke7 50.Nb7 Ke6
51.Nd8+ Ke7 52.Nc6+ Ke6 53.h3 Re3+ 54.Kg2 Re2+ 55.Kf1 Re4 56.Nd8+ Ke7 57.Rd5 Bf4
58.e6 Bc7 59.Rd7+ Ke8 60.Nc6 Bb6 61.Re7+ Kf8 62.Rb7 Rxe6 63.Rxb6 Rh6 64.Rb8+  1-0

[Event "WY BU16 2012"]
[Site "Maribor SLO"]
[Date "2012.11.11"]
[Round "4.3"]
[White "Bortnik,A"]
[Black "Beradze,I"]
[Result "1/2-1/2"]
[WhiteElo "2368"]
[BlackElo "2327"]

1.e4 c5 2.Nf3 e6 3.d4 cxd4 4.Nxd4 Nc6 5.Nc3 Qc7 6.g3 a6 7.Bg2 Nf6 8.O-O Be7
9.Kh1 O-O 10.f4 d6 11.f5 Nxd4 12.Qxd4 b5 13.Bg5 Bb7 14.Rad1 Rad8 15.a3 Ng4
16.Qd2 Bxg5 17.Qxg5 Nf6 18.Rd2 Qc5 19.Rfd1 a5 20.Qf4 b4 21.axb4 axb4 22.Na4 Qa7
23.b3 e5 24.Qh4 Bc6 25.Nb2 Qa8 26.Re1 d5 27.exd5 Rxd5 28.Bxd5 Nxd5 29.Kg1 Qa7+
30.Rf2 Ba8 31.Nd3 Ne3 32.Rxe3 Qxe3 33.Qxb4 h5 34.Qe1 Qa7 35.h4 e4 36.Nf4 e3
37.Re2 Re8 38.Qf1 Rd8 39.Ng2 Re8 40.Kh2 Qd4 41.Qg1 Bxg2 42.Qxg2 Qg4 43.c4 Qxf5
44.Qd5 Re5 45.Qd4 Re4 46.Qd8+ Kh7 47.Kg2 Re5 48.Qd4 Qe6 49.Qf4 f6 50.Qf3 Qd6
51.Kh2 Qb4 52.Kg2 Qxb3 53.c5 Rxc5 54.Qxe3 Qb5 55.Qe4+ Rf5 56.Rf2 Qd5 57.Qxd5 Rxd5
58.Ra2 Kh6 59.Rb2 Rd6 60.Ra2 Kg6 61.Ra7 Rd2+ 62.Kf3 Kh6 63.Rf7 Rd5 64.Ke4  1/2-1/2

[Event "Bundesliga 2012-13"]
[Site "Wiesbaden GER"]
[Date "2012.11.11"]
[Round "4"]
[White "Stellwagen,D"]
[Black "Farago,I"]
[Result "1-0"]
[WhiteElo "2622"]
[BlackElo "2488"]

1.e4 c5 2.Nf3 e6 3.d4 cxd4 4.Nxd4 Nc6 5.Nc3 a6 6.Be3 Nf6 7.f4 Bb4 8.Bd3 d6
9.Nxc6 bxc6 10.O-O d5 11.e5 Nd7 12.Na4 O-O 13.c4 Be7 14.Rc1 Rb8 15.Qe2 Qa5
16.Qc2 g6 17.cxd5 cxd5 18.a3 Qd8 19.Ba7 Ra8 20.Bd4 Rb8 21.Qc7 Qxc7 22.Rxc7 Bd8
23.Rc6 Ra8 24.Rfc1 Be7 25.Rc7 Rd8 26.b4 Kf8 27.g4 a5 28.b5 Bxa3 29.R1c2 Ke8
30.b6 Ba6 31.b7 Bxd3 32.bxa8=Q Rxa8 33.R2c3  1-0

[Event "WY BU18 2012"]
[Site "Maribor SLO"]
[Date "2012.11.12"]
[Round "5.35"]
[White "Ahvenjarvi,Jani"]
[Black "Whitfield,C"]
[Result "1-0"]
[WhiteElo "2218"]
[BlackElo "2040"]

1.e4 c5 2.Nf3 e6 3.Nc3 Nc6 4.d4 cxd4 5.Nxd4 Qc7 6.Be3 a6 7.Bd3 Nf6 8.O-O Ne5
9.Nf3 d6 10.Na4 Ned7 11.c4 Be7 12.Rc1 b6 13.Bd4 Bb7 14.Re1 Rc8 15.b4 O-O
16.Qd2 Rfd8 17.h3 Bc6 18.b5 Bb7 19.Qe3 Nc5 20.Nxc5 bxc5 21.Bb2 axb5 22.cxb5 Qa5
23.a4 c4 24.Bc2 c3 25.Ba3 Bxe4 26.Bxe4 Nxe4 27.Nd4 Bg5 28.Qxe4 Bxc1 29.Nb3 Qa8
30.Bxc1 d5 31.Qg4 Rc4 32.Qg3 Kh8 33.a5 d4 34.Qd3 Rb4 35.Nc5 Qd5 36.Na6 Rb3
37.Nc7 Qc5 38.Bf4 Rc8 39.Re5 Qxc7 40.Rh5 f5 41.Bxc7 Rxc7 42.Qxd4 Rc8 43.Rg5 Rg8
44.Qc4  1-0

[Event "WY GU18 2012"]
[Site "Maribor SLO"]
[Date "2012.11.12"]
[Round "5"]
[White "Asgarizadeh,M"]
[Black "Arabidze,M"]
[Result "1-0"]
[WhiteElo "2106"]
[BlackElo "2391"]

1.e4 c5 2.Nf3 e6 3.d4 cxd4 4.Nxd4 Nc6 5.Nc3 a6 6.Be2 d6 7.O-O Nf6 8.Be3 Be7
9.Kh1 O-O 10.f4 Nxd4 11.Qxd4 Nd7 12.a4 b6 13.Rad1 Qc7 14.f5 Rb8 15.fxe6 fxe6
16.Rxf8+ Nxf8 17.Bf4 e5 18.Nd5 Qxc2 19.Nxe7+ Kf7 20.Qf2 Bg4 21.Bg5+  1-0

[Event "WY BU14 2012"]
[Site "Maribor SLO"]
[Date "2012.11.12"]
[Round "5.46"]
[White "Bennett,Rhys"]
[Black "Tutisani,Noe"]
[Result "0-1"]
[WhiteElo "1769"]
[BlackElo "1978"]

1.e4 c5 2.Nf3 e6 3.d4 cxd4 4.Nxd4 Nc6 5.Nc3 a6 6.Be2 d6 7.O-O Nf6 8.a4 Be7
9.Be3 O-O 10.f4 Qc7 11.Bf3 Nxd4 12.Qxd4 e5 13.Qd2 exf4 14.Bxf4 Be6 15.Kh1 Rac8
16.Rac1 Rfd8 17.Qf2 Qa5 18.Be3 Re8 19.Rb1 Nd7 20.Bd2 Qc5 21.Qxc5 Rxc5 22.Be2 Bf6
23.Bd3 Ne5 24.Rfe1 g6 25.Rf1 Bg7 26.Rbc1 Bc4 27.Bxc4 Nxc4 28.Be1 Nxb2 29.Rb1 Bxc3
30.Bxc3 Rxc3 31.Rxb2 Re7 32.Rd1 Ra3 33.Rb4 Re3 34.h3 R3xe4 35.Rxe4 Rxe4 36.Rxd6 Rxa4
37.Rb6 Rc4 38.Rxb7 Rxc2 39.Ra7 Ra2 40.Kh2 a5 41.Kg3 a4 42.Kh2 a3 43.Kg3 Ra1
44.Kf3 Kg7 45.Ra5 a2 46.Kg3 h5 47.Kh4 Kf6 48.Kg3 g5 49.Ra6+ Ke7 50.Ra7+ Kd6
51.Ra6+ Kc7 52.Ra7+ Kb6 53.Ra8 f5 54.Kh2 h4 55.Ra3 Kb5 56.Ra8 Kc4 57.Rc8+ Kd3
58.Rd8+ Ke3 59.Re8+ Kf2 60.Ra8 g4 61.hxg4 fxg4 62.Rf8+ Ke3 63.Re8+ Kd4 64.Rd8+ Kc5
65.Rc8+ Kd6  0-1

[Event "WY BU16 2012"]
[Site "Maribor SLO"]
[Date "2012.11.12"]
[Round "5.45"]
[White "Bratkovic,Sham"]
[Black "Jacobsen,Mad"]
[Result "1-0"]
[WhiteElo "1943"]
[BlackElo "2019"]

1.e4 c5 2.Nf3 e6 3.d4 cxd4 4.Nxd4 Nc6 5.Nc3 Qc7 6.Be3 a6 7.Be2 Nf6 8.O-O Bb4
9.Na4 O-O 10.Nxc6 bxc6 11.Bd3 d5 12.exd5 Nxd5 13.Bc5 Bxc5 14.Nxc5 Qb6 15.Na4 Qc7
16.Qe2 Nf4 17.Qe3 Rb8 18.b3 Nxd3 19.Qxd3 c5 20.Rfd1 Bb7 21.Qd6 Rfc8 22.Nb6 Qxd6
23.Rxd6 Rc7 24.Rad1 g6 25.f3 Kg7 26.Nd7 Rd8 27.Ne5 Rxd6 28.Rxd6 Kf6 29.Rd7 Rxd7
30.Nxd7+ Kf5 31.Nxc5 Bc8 32.Kf2 Ke5 33.Ke3 Kd5 34.Nd3 f6 35.c4+ Kd6 36.f4 h6
37.Kd4 Bb7 38.g3 g5 39.b4 Bc6 40.Nc5 a5 41.a3 axb4 42.axb4 e5+ 43.fxe5+ fxe5+
44.Ke3 Ke7 45.b5 Bg2 46.Ne4 Kd7 47.c5 Kc7 48.Nd6 h5 49.Nf7 h4 50.Nxe5 Bf1
51.b6+ Kb7 52.Nf7 hxg3 53.hxg3 Ba6 54.Nxg5 Kc6 55.Kd4 Be2 56.Nf7 Bh5 57.Ne5+ Kb7
58.g4 Be8 59.g5  1-0

[Event "WY GU16 2012"]
[Site "Maribor SLO"]
[Date "2012.11.12"]
[Round "6.16"]
[White "Michelle Catherina,P"]
[Black "Kalaydina,R"]
[Result "1/2-1/2"]
[WhiteElo "2109"]
[BlackElo "1934"]

1.e4 c5 2.Nf3 e6 3.d4 cxd4 4.Nxd4 Nc6 5.Nc3 Qc7 6.Be3 a6 7.Qd2 Nf6 8.O-O-O Bb4
9.f3 Ne5 10.Nb3 b5 11.Qe1 Rb8 12.Qg3 O-O 13.Bd4 Bd6 14.f4 Nh5 15.fxe5 Nxg3
16.exd6 Qxd6 17.hxg3 Qxg3 18.Rh3 Qf4+ 19.Be3 Qg4 20.Be2 Qg6 21.g4 Bb7 22.e5 f5
23.exf6 Qxf6 24.Nc5 Bc6 25.Nxa6 Ra8 26.Nc7 b4 27.Nxa8 Rxa8 28.Rf1 Qe5 29.Bf4 Qa5
30.Nb1 Bg2 31.Rh5 Qxa2 32.Rf2 Be4 33.Rc5 b3 34.Bd1 Rf8 35.Be3 Rxf2 36.Bxf2 Qa6
37.Nc3 d6 38.Rb5 Qa1+ 39.Nb1 bxc2 40.Rb8+ Kf7 41.Bxc2 Bxc2 42.Kxc2 Qa4+ 43.Rb3 Qe4+  1/2-1/2

[Event "WY BU16 2012"]
[Site "Maribor SLO"]
[Date "2012.11.12"]
[Round "6.6"]
[White "Ladva,O"]
[Black "Harutyunian,T"]
[Result "0-1"]
[WhiteElo "2224"]
[BlackElo "2334"]

1.e4 c5 2.Nf3 e6 3.d4 cxd4 4.Nxd4 Nc6 5.Nc3 Qc7 6.Be3 a6 7.Qd2 Nf6 8.O-O-O Bb4
9.f3 Ne7 10.Nde2 b5 11.Bf4 e5 12.Bg5 h5 13.Bxf6 gxf6 14.Kb1 Ba5 15.g3 Bb7
16.Bh3 Bc6 17.Qd3 b4 18.Nd5 Nxd5 19.exd5 Bb5 20.Qe4 Qc4 21.Nd4 Bb6 22.Bf1 Qc5
23.Bxb5 axb5 24.Nf5 d6 25.Nd4 Qc4 26.b3 Qc3 27.Nxb5 Qc5 28.Qc4  0-1

[Event "WY BU16 2012"]
[Site "Maribor SLO"]
[Date "2012.11.12"]
[Round "6.6"]
[White "Ladva,O"]
[Black "Harutyunian,T"]
[Result "0-1"]
[WhiteElo "2224"]
[BlackElo "2334"]

1.e4 c5 2.Nf3 e6 3.d4 cxd4 4.Nxd4 Nc6 5.Nc3 Qc7 6.Be3 a6 7.Qd2 Nf6 8.O-O-O Bb4
9.f3 Ne7 10.Nde2 b5 11.Bf4 e5 12.Bg5 h5 13.Bxf6 gxf6 14.Kb1 Ba5 15.g3 Bb7
16.Bh3 Bc6 17.Qd3 b4 18.Nd5 Nxd5 19.exd5 Bb5 20.Qe4 Qc4 21.Nd4 Bb6 22.Bf1 Qc5
23.Bxb5 axb5 24.Nf5 d6 25.Nd4 Qc4 26.b3 Qc3 27.Nxb5 Qc5 28.Qc4 Ra5 29.Qxc5 Bxc5
30.c4 Kd7 31.Rd2 h4 32.g4 h3 33.a4 bxa3 34.Nc3 Bd4 35.Na2 Raa8 36.Rf1 Rhg8
37.Kc2 f5 38.Rd3 f4 39.Rxd4 exd4 40.Kd3 Rge8  0-1

[Event "WY GU16 2012"]
[Site "Maribor SLO"]
[Date "2012.11.12"]
[Round "6.29"]
[White "Dall'orsoletta,Alaize"]
[Black "Oliveira,Maria"]
[Result "0-1"]
[WhiteElo "1765"]
[BlackElo "1969"]

1.e4 c5 2.Nf3 e6 3.d4 cxd4 4.Nxd4 Nc6 5.Nc3 Qc7 6.Nb3 a6 7.Be3 Nf6 8.a3 Be7
9.Bd3 O-O 10.O-O b5 11.f4 d6 12.Qf3 Bb7 13.Qh3 h6 14.Rf3 Rfe8 15.Rg3 Kh8
16.Rf1 Bf8 17.Qh4 Ne7 18.f5 Neg8 19.fxe6 fxe6 20.Nd4 Bc8 21.Rg6 Qf7 22.Qg3 e5
23.Rgxf6 Nxf6 24.Nf5 Bxf5 25.Rxf5 Qe6 26.Qg6 Ng8 27.Qg3 Be7 28.Nd5 Rac8 29.Qe1 Rf8
30.Rxf8 Rxf8 31.Qa5 Qg4 32.Qd2 Rf7 33.b3 Nf6 34.Nxf6 Rxf6 35.Qe2 Qxe2 36.Bxe2 Rf8
37.c4 Rb8 38.cxb5 axb5 39.Kf2 Bd8 40.Ke1 Kg8 41.Kd2 Kf7 42.Kc3 Ba5+ 43.b4 Bb6
44.Bxb6 Rxb6 45.Kb3 Ke7 46.a4 bxa4+ 47.Kxa4 Kd7 48.b5 Kc7 49.h4 Rb8 50.Kb4 Ra8
51.h5 Ra2 52.Bf3 Kb6 53.Kc4 Rd2  0-1

[Event "WY BU16 2012"]
[Site "Maribor SLO"]
[Date "2012.11.14"]
[Round "7.40"]
[White "Mikes,J"]
[Black "Jacobsen,Mad"]
[Result "0-1"]
[WhiteElo "2102"]
[BlackElo "2019"]

1.e4 c5 2.Nf3 e6 3.d4 cxd4 4.Nxd4 Nc6 5.Nc3 Qc7 6.Nb3 Nf6 7.Bd3 a6 8.O-O Be7
9.f4 d5 10.Qf3 dxe4 11.Nxe4 Nxe4 12.Bxe4 Bd7 13.Be3 f5 14.Bd3 Bf6 15.c3 e5
16.fxe5 Nxe5 17.Qg3 g6 18.Bd4 O-O-O 19.Be2 g5 20.Qf2 Rde8 21.Bb6 Qd6 22.Rad1 Qe6
23.Rfe1 f4 24.Bc5 Ng4 25.Bxg4 Qxg4 26.Na5 Rxe1+ 27.Rxe1 Re8 28.Nc4 Rxe1+
29.Qxe1 Bc6 30.Qd2 Qe6 31.Nb6+ Kc7 32.b3 f3 33.Nc4 Qd5 34.Bb6+ Kb8 35.Qc2 Bxc3
36.Ne3 Qd2 37.Qf5 Qe1+ 38.Nf1 fxg2 39.Qf8+ Qe8 40.Qxe8+ Bxe8 41.Kxg2 Bc6+
42.Kf2 Kc8 43.Ke3 Kd7 44.Ng3 Be5 45.Kd3 Ke6 46.a4 Be8 47.Kc4 Bg6 48.Be3 Bf4
49.Bg1 Bd6 50.Ne2 h5 51.h3 Bf7 52.Kd3 h4 53.Be3 Kf6 54.Nd4 g4 55.hxg4 h3
56.g5+ Kg6 57.Bg1 h2 58.Bxh2 Bxh2 59.b4 Be5 60.Nf3 Bd6 61.Kc3 Bd5 62.Nd4 Be5  0-1

[Event "WY GU18 2012"]
[Site "Maribor SLO"]
[Date "2012.11.14"]
[Round "7.6"]
[White "Qiu,Mengjie"]
[Black "Arabidze,M"]
[Result "0-1"]
[WhiteElo "2069"]
[BlackElo "2391"]

1.e4 c5 2.Nf3 e6 3.d4 cxd4 4.Nxd4 Nc6 5.Nc3 a6 6.Nxc6 bxc6 7.Bd3 d5 8.O-O Nf6
9.Re1 Bb7 10.e5 Nd7 11.Na4 c5 12.b3 Qc7 13.Bf4 Be7 14.c4 d4 15.a3 Rb8 16.Rb1 Bc6
17.Qc2 g5 18.Bg3 h5 19.h3 h4 20.Bh2 g4 21.hxg4 h3 22.Be4 hxg2 23.Bxc6 Qxc6
24.Qe4 Qxe4 25.Rxe4 Rh3 26.Re2 Rbxb3 27.Rxb3 Rxb3 28.Rb2 Rxa3 29.Nb6 Nxb6
30.Rxb6 Bg5 31.Kxg2 d3 32.Rb1 Rc3 33.f4 Bd8 34.Rd1 Rc2+ 35.Kg3 d2 36.Kf3 Ba5
37.Bg1 Rxc4 38.Be3 Rc2 39.Ke2 c4 40.Ra1 Bb4 41.Rxa6 Rc1 42.Ra8+ Ke7  0-1

[Event "WY BU14 2012"]
[Site "Maribor SLO"]
[Date "2012.11.14"]
[Round "7.37"]
[White "Hoang,Harry"]
[Black "Peczely,S"]
[Result "1/2-1/2"]
[WhiteElo "1919"]
[BlackElo "2092"]

1.e4 c5 2.Nf3 e6 3.d4 cxd4 4.Nxd4 Nc6 5.Nc3 Qc7 6.Be3 a6 7.Qd2 Nf6 8.O-O-O b5
9.f3 Be7 10.g4 O-O 11.h4 Bb7 12.h5 Nxd4 13.Bxd4 b4 14.Nb1 Rac8 15.Bd3 d5
16.e5 Nd7 17.Rde1 Bc5 18.Qe3 Qa5 19.g5 Bxd4 20.Qxd4 Qxa2 21.g6 Nc5 22.gxh7+ Kh8
23.Kd2 Ne4+ 24.fxe4 dxe4 25.Rxe4 Rfd8 26.Qe3 Bxe4 27.Qxe4 Qxb2 28.Ke3 Rd5
29.c3 Rxc3 30.Nxc3 Qxc3 31.h6 g6 32.Qc4 Rxe5+ 33.Kf3 Qxc4 34.Bxc4 a5 35.Bb3 Kxh7
36.Kf4 Rc5 37.Ba4 Rf5+ 38.Kg4 f6 39.Be8 Rg5+ 40.Kf4 Rc5 41.Bxg6+ Kh8 42.Rd1 Rc8
43.Rd7 b3  1/2-1/2

[Event "WY BU14 2012"]
[Site "Maribor SLO"]
[Date "2012.11.14"]
[Round "7.26"]
[White "Zsirai,P"]
[Black "Tutisani,Noe"]
[Result "0-1"]
[WhiteElo "2195"]
[BlackElo "1978"]

1.e4 c5 2.Nf3 e6 3.d4 cxd4 4.Nxd4 Nc6 5.Nc3 a6 6.Nxc6 bxc6 7.Bd3 d5 8.O-O Nf6
9.Re1 Bb7 10.e5 Nd7 11.Qg4 Qc7 12.Bf4 g6 13.Na4 c5 14.c4 d4 15.h4 Rc8 16.b3 h6
17.Nb2 Nb8 18.h5 gxh5 19.Qxh5 Rg8 20.f3 Nc6 21.a3 Qb6 22.Bc2 d3 23.Nxd3 Nd4
24.Bd1 Rd8 25.Nf2 Qa5 26.b4 cxb4 27.Ng4 Rg6 28.Rf1 bxa3 29.Kh2 Bc6 30.Rf2 Qc3
31.Rc1 Qa5 32.c5 Bxc5 33.Nf6+ Ke7 34.Be3 Bb6 35.Bc2 Nxc2 36.Bxb6 Qxb6 37.Rfxc2 a2
38.Rxa2 Qb5 39.Ng4 Kf8 40.Rac2 Rc8 41.Qh4 h5 42.Rc5 Qa4 43.R1c4 Qa2 44.Rxc6 Qxc4
45.Rxc4 Rxc4 46.Qxh5 Kg7 47.Qh4 Rcxg4 48.Qd8 Rxg2+ 49.Kh1 R2g5  0-1

[Event "WY BU18 2012"]
[Site "Maribor SLO"]
[Date "2012.11.14"]
[Round "7.17"]
[White "Zhou,Y"]
[Black "Ochsner,B"]
[Result "1-0"]
[WhiteElo "2418"]
[BlackElo "2324"]

1.e4 c5 2.Nf3 e6 3.d4 cxd4 4.Nxd4 Nc6 5.Nc3 Qc7 6.g3 a6 7.Bg2 h5 8.O-O h4
9.Nb3 b5 10.a4 Rb8 11.axb5 axb5 12.Qe2 b4 13.Nd5 Qd8 14.Rd1 hxg3 15.hxg3 Nf6
16.Ne3 Qc7 17.Nc4 e5 18.Bg5 Be7 19.Bxf6 gxf6 20.Qd3 Nd8 21.Ne3 Ne6 22.Nd5 Qc6
23.Na5 Qc5 24.Nc4 Bd8 25.Bf3 Kf8 26.Kg2 Bb7 27.Nce3 Rg8 28.Bg4 Rc8 29.f3 Bc6
30.Qb3 Bb6 31.Nxb6 Qxb6 32.Nc4 Qb8 33.Nd6 Rc7 34.c3 Ng5 35.Qxb4 Qxb4 36.cxb4 Nxe4
37.fxe4 Rxg4 38.Kh3 Rg6 39.b5 Rh6+ 40.Kg2 Bxe4+ 41.Nxe4 Rc4 42.Nc3 Rb4 43.Rd2 Rg6
44.Ra4 Rb3 45.Ra3 Rb4 46.Ra4 Rb3 47.Kf3 f5 48.Ra7 d6 49.Rd7 f4 50.g4 Rh6
51.R7xd6 Rh3+ 52.Ke4 Rb4+ 53.Kxe5 f3 54.R6d4 Rb3 55.Rf4  1-0

[Event "WY BU14 2012"]
[Site "Maribor SLO"]
[Date "2012.11.15"]
[Round "8.44"]
[White "Lee,Deon"]
[Black "Rohrer,Christophe"]
[Result "1/2-1/2"]
[WhiteElo "1842"]
[BlackElo "1976"]

1.e4 c5 2.Nf3 e6 3.d4 cxd4 4.Nxd4 Nc6 5.Nc3 Qc7 6.Be3 a6 7.Qd2 Nf6 8.O-O-O b5
9.Bf4 Ne5 10.Bxe5 Qxe5 11.f4 Qc7 12.e5 Ng4 13.h3 Nh6 14.g4 Bb7 15.Bg2 Bb4
16.Bxb7 Qxb7 17.a3 Ba5 18.f5 Bxc3 19.Qxc3 Ng8 20.f6 gxf6 21.exf6 Rc8 22.Qe3 Qd5
23.Nf5 Qc5 24.Qxc5 Rxc5 25.Nd6+ Kf8 26.Ne4 Rd5 27.g5 h6 28.h4 hxg5 29.hxg5 Rxh1
30.Rxh1 Re5 31.Nd6 Rd5 32.Ne4  1/2-1/2